MBTI的16种人格类型所对应的职业类型和外号 - Statistics

General Stats
  • This quiz has been taken 7 times
  • The average score is 9 of 32
Answer Stats
名称 名称 % Correct
INTJ 紫老头或紫薯老头
86%
INTJ 建筑师
71%
ENTP 骨折眉毛
57%
INFP 小蝴蝶
57%
ISTJ 物流师
43%
INFJ 绿老头或抹茶老头
43%
ENFP 快乐小狗或哈士奇
43%
ISTJ 蓝老头或机器人
43%
ISFJ 小护士
43%
ISFP 小画家
43%
ENTJ 指挥官
29%
ENTP 辩论家
29%
ENFJ 主人公
29%
ENFP 竞选者
29%
ESTP 企业家
29%
ESFP 表演者
29%
INTP 药水姐或小瓶子
29%
INTP 逻辑学家
14%
INFJ 提倡者
14%
INFP 调停者
14%
ISFJ 守卫者
14%
ESTJ 总经理
14%
ESFJ 执政官
14%
ISTP 鉴赏家
14%
ISFP 探险家
14%
ENTJ 大姐头或小暴君
14%
ENFJ 大剑哥或大宝剑
14%
ESTJ 尺子姐
14%
ESFJ 男妈妈或蛋糕哥
14%
ISTP 电钻哥
14%
ESTP 墨镜哥
14%
ESFP 锤子姐
0%
No matching quizzes found
Score Distribution
Percent of People with Each Score
Percentile by Number Answered
Your Score History
You have not taken this quiz